| 000 | 00688nam a2200181 a 4500 | ||
|---|---|---|---|
| 008 | 120416s1986 ||||||||||||||||| || u | ||
| 020 | _a0712106847 | ||
| 050 | _aHF 5621 BRO | ||
| 100 | _aBrockington, Raymond | ||
| 245 | 1 | 2 | _aA concise dictionary of accounting and finance |
| 260 |
_aLondon _bPitman _c1986 |
||
| 300 | _avii, 127p. | ||
| 350 | _a0.00 | ||
| 650 | _aTEXTBOOKS | ||
| 650 | _aFINANCE--DICTIONARIES | ||
| 995 |
_aREFERENCE BOOKS _D0.00 _e721464 _FCBU-MAIN LIBRARY (Kitwe) _H1 _I4.95 _jHF 5621 Bro _M1 _UREFERENCE _y022567 _ZReference Collection |
||
| 995 |
_aREFERENCE BOOKS _D0.00 _e721078 _FCBU-MAIN LIBRARY (Kitwe) _H2 _I4.95 _jHF 5621 Bro _M2 _UREFERENCE _y022568 _ZReference Collection |
||
| 999 |
_c79717 _d79717 |
||